000 00528nam a22001937a 4500
005 20231222131210.0
008 231222b |||||||| |||| 00| 0 eng d
020 _a978-0521739177
082 _a428.0076
_bJAK
100 _aJakeman, Vanessa
245 _aCambridge English IELTS-4:
_bpractice test/
_cJakeman, Vanessa; McDowell,Clare;
260 _aUK
_bCambridge
_c2002
300 _a176
490 _v4
500 _aWith Answers (Set of 17 Vol).
650 _aEnglish Language
700 _aMcDowell,Clare
999 _c34949
_d34949